| 000 | 00491nam a2200169Ia 4500 | ||
|---|---|---|---|
| 005 | 20140617094103.0 | ||
| 008 | 140609s9999 xx 000 0 und d | ||
| 020 | _a9789719363149 | ||
| 050 |
_aB 105.E46 _b.Ag283 2008 |
||
| 100 | _aAguilo, Alfonso. | ||
| 245 |
_aEducating emotions / _cAlfonso Aguilo |
||
| 260 |
_aMandaluyong City, Philippines : _bLighthouse & Dynamite Publications, _cc2008. |
||
| 300 |
_a189 p. ; _c18 cm. |
||
| 521 | _aGE | ||
| 942 |
_kLOC _cBK _2lcc |
||
| 999 |
_c118106 _d118106 |
||